| 000 | 01480nam a22002537a 4500 | ||
|---|---|---|---|
| 999 |
_c57350 _d57350 |
||
| 003 | Ge_BSU | ||
| 005 | 20200527151340.0 | ||
| 008 | 200527s2017 ge ||||| |||| 00| 0 geo d | ||
| 020 | _a9789941940262 | ||
| 041 | _ageo | ||
| 080 | _a174:347.965(075.8) ს-12 | ||
| 245 |
_aსაადვოკატო ეთიკა : _b [სახელმძღვანელო უმაღლესი სასწავლებლების სტუდენტთათვის] / _cავტორთა კოლექტივი: ნ.დ. ერიაშვილი, ი.ი. ამინოვ, კ.გ. დედიუხინ [და სხვ.] ; ნ.დ. ერიაშვილის რედაქციით |
||
| 300 |
_a245 გვ. : _bილ. ; _c20 სმ. |
||
| 500 | _aდამატებითი სატიტულო გვერდი რუს. ენაზე. | ||
| 653 | _aსაადვოკატო ეთიკა | ||
| 653 | _aსამართალი | ||
| 700 |
_aამინოვ, ი.ი. _eავტორი _98220 |
||
| 700 |
_aდედიუხინ, კ.გ. _eავტორი _98221 |
||
| 700 |
_aკაზანცევა, ლ.ა. _eავტორი _98222 |
||
| 700 |
_aმირზოევ, გ.ბ. _eავტორი _98223 |
||
| 700 |
_aუსიევიჩ, ა.რ. _eავტორი _98224 |
||
| 700 |
_aერიაშვილი, ნ. _eრედაქტორი _93261 |
||
| 942 |
_2udc _cBK |
||